Oceania Geography Quiz - Statistics

General Stats
  • This quiz has been taken 22,097 times
  • The average score is 13 of 21
Answer Stats
Question Answer % Correct
What are the two biggest cities in Australia? Sydney
99%
What are the two biggest cities in Australia? Melbourne
92%
What country, despite having only 7 million residents, has over 800 indigenous languages? Papua New Guinea
84%
What is the capital of Western Australia? Perth
83%
What is the world's longest coral reef system? {Great} {Barrier} Reef
82%
What are the two largest birds native to Australia? Emu
77%
What ethnic group is indigenous to New Zealand? Māori
75%
That reef is located off the coast of which Australian state? Queensland
68%
Pago Pago is the capital of what U.S. territory? American Samoa
67%
What is the largest city on New Zealand's South Island? Christchurch
67%
What part of Australia was once a self-governing colony named Van Diemen's Land? Tasmania
67%
What is Ayer's Rock also known as? Uluru
67%
What tiny island nation was once among the world's richest countries, thanks to phosphate mining? Nauru
66%
What country includes the island of Guadalcanal? Solomon Islands
58%
What is the most populous island in French Polynesia? Tahiti
51%
What is New Zealand's tallest mountain? Aoraki / Mount Cook
41%
What are the two largest birds native to Australia? Southern Cassowary
29%
What is the northernmost point on the Australian mainland? Cape {York}
25%
What is the Australian term for a cattle ranch? Cattle {Station}
22%
What strait separates Australia and Papua New Guinea? {Torres} Strait
22%
What fiord, located near Queenstown, is one of New Zealand's most well-known tourist destinations? {Milford} Sound
21%
No matching quizzes found
Score Distribution
Percent of People with Each Score
Percentile by Number Answered
Your Score History
You have not taken this quiz